MyGZULibrary

Frank Wood's business accounting 2 / (Record no. 7559)

MARC details
000 -LEADER
fixed length control field 01309cam a22003978i 4500
001 - CONTROL NUMBER
control field 20342468
003 - CONTROL NUMBER IDENTIFIER
control field GZU
005 - DATE AND TIME OF LATEST TRANSACTION
control field 20210511113700.0
008 - FIXED-LENGTH DATA ELEMENTS--GENERAL INFORMATION
fixed length control field 180202s2018 enk b 001 0 eng
010 ## - LIBRARY OF CONGRESS CONTROL NUMBER
LC control number 2018000986
020 ## - INTERNATIONAL STANDARD BOOK NUMBER
International Standard Book Number 9781292209173 (print)
020 ## - INTERNATIONAL STANDARD BOOK NUMBER
Canceled/invalid ISBN 9781292209197 (pdf)
020 ## - INTERNATIONAL STANDARD BOOK NUMBER
Canceled/invalid ISBN 9781292209203 (epub)
040 ## - CATALOGING SOURCE
Original cataloging agency DLC
Language of cataloging eng
Description conventions rda
Transcribing agency DLC
042 ## - AUTHENTICATION CODE
Authentication code pcc
050 00 - LIBRARY OF CONGRESS CALL NUMBER
Classification number HF5635
Item number .W8633 2010
082 00 - DEWEY DECIMAL CLASSIFICATION NUMBER
Classification number 657
Edition number 23
100 1# - MAIN ENTRY--PERSONAL NAME
Personal name Wood, Frank,
Dates associated with a name 1926-2000,
Relator term author.
245 10 - TITLE STATEMENT
Title Frank Wood's business accounting 2 /
Statement of responsibility, etc. Alan Sangster, BA, MSc, PhD, Cert TESOL, CA ; formerly authored by Frank Wood, BSc (Econ), FCA.
246 3# - VARYING FORM OF TITLE
Title proper/short title Frank Wood's business accounting two
246 3# - VARYING FORM OF TITLE
Title proper/short title Business accounting 2
246 3# - VARYING FORM OF TITLE
Title proper/short title Business accounting two
250 ## - EDITION STATEMENT
Edition statement Eleventh edition.
263 ## - PROJECTED PUBLICATION DATE
Projected publication date 1802
264 #1 - PRODUCTION, PUBLICATION, DISTRIBUTION, MANUFACTURE, AND COPYRIGHT NOTICE
Place of production, publication, distribution, manufacture New Delhi ;
Name of producer, publisher, distributor, manufacturer Pearson,
Date of production, publication, distribution, manufacture, or copyright notice [2010]
300 ## - PHYSICAL DESCRIPTION
Extent 808p. :
336 ## - CONTENT TYPE
Content type term text
Content type code txt
Source rdacontent
337 ## - MEDIA TYPE
Media type term unmediated
Media type code n
Source rdamedia
338 ## - CARRIER TYPE
Carrier type term volume
Carrier type code nc
Source rdacarrier
504 ## - BIBLIOGRAPHY, ETC. NOTE
Bibliography, etc. note Includes bibliographical references and index.
650 #0 - SUBJECT ADDED ENTRY--TOPICAL TERM
Topical term or geographic name entry element Accounting.
700 1# - ADDED ENTRY--PERSONAL NAME
Personal name Sangster, Alan,
Relator term author.
906 ## - LOCAL DATA ELEMENT F, LDF (RLIN)
a 7
b cbc
c orignew
d 1
e ecip
f 20
g y-gencatlg
942 ## - ADDED ENTRY ELEMENTS (KOHA)
Source of classification or shelving scheme Library of Congress Classification
Koha item type Books
Edition 11th
Classification part 5635
Item part WOO
Call number prefix HF
Call number suffix 2010
Holdings
Withdrawn status Lost status Damaged status Not for loan Collection code Home library Current library Shelving location Date acquired Total Checkouts Full call number Barcode Date last seen Date last checked out Copy number Price effective from Koha item type
        Non-fiction Mashava Campus Library Mashava Campus Library General Stacks 05/11/2021 2 HF 5635 WOO 2010 9892 03/07/2025 03/07/2025 c.1 05/11/2021 Books